K inovaci studijních programů připravujících budoucí učitele českého jazyka

Bibliographic Details
Main Authors: Mlčoch, Miloš (Author), Polák, Milan, 1955- (Author)
Format: Article
Language:Czech
ISBN:8080833508
Subjects:

MARC

LEADER 00000nab a2200000 ar4500
001 vtls009517176
003 SK-MaSNL
005 20260304040535.0
008 090526c2006 xo |||||| b |||| b|cze
015 |a SNBRA2009/05  |2 snkbucl 
038 |a SNKBUCL 
040 |a SNKBUCL  |b slo  |c SNKBUCL  |e AACR2 
041 0 |a cze 
044 |a xo  |c SK 
080 |a 373.3.011.3-051:811.162.3  |x (437.3)  |2 2001 
080 |a 377  |2 2001 
080 |a 811.162.3  |2 2001 
100 1 |a Mlčoch, Miloš  |4 aut  |9 474687 
245 1 0 |a K inovaci studijních programů připravujících budoucí učitele českého jazyka  |c Miloš Mlčoch - Milan Polák 
504 |a Dokumenty 
650 0 7 |a čeština  |2 SNKPH  |9 1319 
650 0 7 |a učitelia češtiny  |2 snkbucl  |9 684242 
650 0 7 |a študijné programy  |2 snkbucl  |9 75147 
650 0 7 |a učitelia základných škôl  |2 snkbucl  |9 57114 
650 0 7 |a profesijná príprava  |2 SNKPH  |9 4253 
650 0 7 |a pedagogická príprava  |2 snkbucl  |9 1053333 
650 0 7 |a rámcové vzdelávacie programy  |2 snkbucl  |9 1321572 
651 7 |a Česko  |2 SNKPHgeo  |9 16753 
655 7 |2 snkbucl 
700 1 |a Polák, Milan,  |d 1955-  |4 aut  |9 108458 
773 0 |t Studia Slovaca  |d Banská Bystrica : Katedra slovenského jazyka a literatúry Pedagogickej fakulty Univerzity Mateja Bela, 2006  |g S. 133-135  |z 8080833508 
852 |a SNK  |b KIS3GCP 
958 |a NB 
958 |a CZ 
999 |c 2663792  |d 2665722